[Event "Rhein Main op-A 17th"]
[Site "Bad Homburg"]
[Date "2014.06.19"]
[Round "3"]
[White "Zeh, Rolf"]
[Black "Zweschper, Erich"]
[Result "1/2-1/2"]
[WhiteElo "1955"]
[BlackElo "2092"]
[PlyCount "66"]
[EventDate "2014.06.18"]
[EventType "swiss"]
[EventRounds "7"]
[EventCountry "GER"]
[SourceTitle "CBM 161 Extra"]
[Source "ChessBase"]
[SourceDate "2014.08.29"]
[SourceVersion "1"]
[SourceVersionDate "2014.08.29"]
[SourceQuality "1"]

1. d4 d6 2. g3 g6 3. Bg2 Bg7 4. e4 Nd7 5. Be3 e6 6. Qd2 h6 7. Ne2 Ne7 8. 0-0 b6 9. c4 Bb7 10. Nbc3 Kf8 11. Rad1 Kg8 12. b4 c6 13. f4 f5 14. exf5 exf5 15. b5 Nf6 16. bxc6 Nxc6 17. Rfe1 Kh7 18. c5 d5 19. Nc1 Na5 20. Bf1 Ng4 21. Nb5 Qd7 22. Nd6 Bc6 23. Nb3 Nxb3 24. axb3 Bf8 25. Qb4 Bxd6 26. cxd6 Nf6 27. Rc1 Rac8 28. Ba6 Bb7 29. Bb5 Qg7 30. Rxc8 Rxc8 31. Rc1 a5 32. Rxc8 Bxc8 33. Qc3 Bd7 1/2-1/2

[Event "Stuttgart-chA int"]
[Site "Ditzingen"]
[Date "2013.05.11"]
[Round "5"]
[White "Zeh, Rolf"]
[Black "Turski, Tomasz"]
[Result "1-0"]
[WhiteElo "1947"]
[BlackElo "2042"]
[PlyCount "63"]
[EventDate "2013.05.09"]
[EventType "swiss"]
[EventRounds "7"]
[EventCountry "GER"]
[SourceTitle "EXT 2014"]
[Source "ChessBase"]
[SourceDate "2013.11.20"]
[SourceVersion "1"]
[SourceVersionDate "2013.11.20"]
[SourceQuality "1"]

1. d4 Nf6 2. Nf3 g6 3. c4 Bg7 4. g3 0-0 5. Bg2 d5 6. Ne5 c6 7. Nc3 e6 8. 0-0 Nbd7 9. f4 dxc4 10. Nxc4 Nb6 11. Ne5 Qe7 12. Be3 Rd8 13. Qc2 Ne8 14. Rad1 Nd6 15. Bf2 f6 16. Nf3 Nf7 17. e4 e5 18. dxe5 fxe5 19. f5 gxf5 20. exf5 Nd5 21. g4 Nf4 22. Ne4 h5 23. Bh4 Qf8 24. Bxd8 Nxd8 25. Qc4+ Nd5 26. Rxd5 cxd5 27. Qxd5+ Nf7 28. f6 Bh8 29. Nxe5 Bxg4 30. Ng5 Rd8 31. Qxf7+ Qxf7 32. Ngxf7 1-0

[Event "Stuttgart-chA int"]
[Site "Ditzingen"]
[Date "2013.05.10"]
[Round "3"]
[White "Zeh, Rolf"]
[Black "Gabriel, Josef"]
[Result "0-1"]
[WhiteElo "1947"]
[BlackElo "2123"]
[PlyCount "78"]
[EventDate "2013.05.09"]
[EventType "swiss"]
[EventRounds "7"]
[EventCountry "GER"]
[SourceTitle "EXT 2014"]
[Source "ChessBase"]
[SourceDate "2013.11.20"]
[SourceVersion "1"]
[SourceVersionDate "2013.11.20"]
[SourceQuality "1"]

1. d4 Nf6 2. c4 g6 3. Nc3 Bg7 4. e4 d6 5. f3 0-0 6. Be3 c6 7. Nge2 e5 8. Qd2 a6 9. a4 a5 10. Rd1 Nbd7 11. dxe5 dxe5 12. Ng3 Re8 13. Qf2 Qe7 14. Bd3 Bf8 15. 0-0 Nc5 16. Bc2 h6 17. Rd2 Ne6 18. Rfd1 Qb4 19. Bd3 Nc5 20. Qe2 Nb3 21. Rc2 Nd4 22. Bxd4 exd4 23. Nb1 Qxa4 24. Nd2 Qb4 25. h3 Qd6 26. Qf2 Nd7 27. Nb3 c5 28. f4 Qe6 29. f5 Qe5 30. fxg6 fxg6 31. Rf1 Bg7 32. Nd2 Rf8 33. Nf3 Qd6 34. Ne2 Ra6 35. Qg3 Ne5 36. Nxe5 Rxf1+ 37. Kxf1 Bxe5 38. Qe1 Qf8+ 39. Kg1 Rf6 0-1

[Event "Stuttgart-chA int"]
[Site "Ditzingen"]
[Date "2013.05.10"]
[Round "4"]
[White "Zorn, Nico"]
[Black "Zeh, Rolf"]
[Result "0-1"]
[WhiteElo "1837"]
[BlackElo "1947"]
[PlyCount "32"]
[EventDate "2013.05.09"]
[EventType "swiss"]
[EventRounds "7"]
[EventCountry "GER"]
[SourceTitle "EXT 2014"]
[Source "ChessBase"]
[SourceDate "2013.11.20"]
[SourceVersion "1"]
[SourceVersionDate "2013.11.20"]
[SourceQuality "1"]

1. c4 e6 2. d4 d5 3. e3 Nf6 4. Nc3 c6 5. Nf3 Bd6 6. c5 Bc7 7. Bd3 Nbd7 8. 0-0 e5 9. dxe5 Nxe5 10. Nxe5 Bxe5 11. Qc2 Bxh2+ 12. Kxh2 Ng4+ 13. Kg3 Qg5 14. e4 Ne3+ 15. Kf3 Bg4+ 16. Kg3 Be2+ 0-1

[Event "Stuttgart-ch op"]
[Site "Ditzingen"]
[Date "2009.05.21"]
[Round "1"]
[White "Strohhaeker, Raoul"]
[Black "Zeh, Rolf"]
[Result "1-0"]
[WhiteElo "2449"]
[BlackElo "2048"]
[PlyCount "37"]
[EventDate "2009.05.21"]
[EventType "swiss"]
[EventRounds "7"]
[EventCountry "GER"]
[SourceTitle "CBM 130 Extra"]
[Source "ChessBase"]
[SourceDate "2009.07.02"]
[SourceVersion "2"]
[SourceVersionDate "2009.07.15"]
[SourceQuality "1"]

1. e4 c5 2. Nf3 e6 3. d4 cxd4 4. Nxd4 Nf6 5. Nc3 d6 6. g3 Be7 7. Bg2 0-0 8. 0-0 a6 9. f4 Qc7 10. g4 e5 11. Nf5 Be6 12. g5 Ne8 13. Nxe7+ Qxe7 14. f5 Bc4 15. Rf3 f6 16. g6 hxg6 17. fxg6 Be6 18. Rh3 Bxh3 19. Qh5 1-0

[Event "Stuttgart-chA int"]
[Site "Ditzingen"]
[Date "2009.05.21"]
[Round "2"]
[White "Zeh, Rolf"]
[Black "White, Herbert"]
[Result "0-1"]
[WhiteElo "2048"]
[BlackElo "1923"]
[PlyCount "122"]
[EventDate "2009.05.21"]
[EventType "swiss"]
[EventRounds "7"]
[EventCountry "GER"]
[SourceTitle "EXT 2018"]
[Source "ChessBase"]
[SourceDate "2017.10.13"]
[SourceVersion "1"]
[SourceVersionDate "2017.10.13"]
[SourceQuality "1"]

1. d4 d5 2. Nf3 Nf6 3. Bf4 Bf5 4. e3 Nbd7 5. Bd3 Ne4 6. c4 e6 7. cxd5 exd5 8. Qb3 Nb6 9. 0-0 Be7 10. Nbd2 0-0 11. Qc2 Nxd2 12. Nxd2 Bxd3 13. Qxd3 c6 14. Bg3 Qd7 15. Rae1 Rad8 16. f4 Rfe8 17. Nf3 f6 18. b3 Bb4 19. Re2 Re4 20. Be1 Bxe1 21. Rfxe1 Nc8 22. Nd2 Re7 23. e4 dxe4 24. Rxe4 Rxe4 25. Rxe4 Nd6 26. Re2 Qf7 27. Kf1 Qh5 28. h3 Qf5 29. Qf3 Kf8 30. g4 Qb5 31. a4 Qb4 32. Qd3 Nf7 33. Qe4 g6 34. g5 f5 35. Qe6 Qxd4 36. Qe7+ Kg8 37. Qc7 Rd6 38. Nf3 Qxf4 39. Kg2 Rd4 40. Re8+ Kg7 41. Qxf4 Rxf4 42. Re7 Kf8 43. Rxb7 a5 44. Rc7 Rb4 45. Nd2 Nxg5 46. Rxc6 Ne4 47. Nc4 Rxb3 48. Nxa5 Ra3 49. Rc4 Nc3 50. Rc8+ Kg7 51. Rc7+ Kh6 52. Nc4 Rxa4 53. Nb6 Ra2+ 54. Kg1 Ne4 55. Nd7 Kg5 56. Nf8 h5 57. Rc6 Kh4 58. Nxg6+ Kg3 59. Rc1 Rg2+ 60. Kf1 Nd2+ 61. Ke1 Nf3+ 0-1

[Event "Stuttgart-chA int"]
[Site "Ditzingen"]
[Date "2005.05.06"]
[Round "3"]
[White "Zeh, Rolf"]
[Black "Aksenov, Pavel"]
[Result "0-1"]
[WhiteElo "2111"]
[BlackElo "1902"]
[PlyCount "52"]
[EventDate "2005.05.05"]
[EventType "swiss"]
[EventRounds "7"]
[EventCountry "GER"]
[SourceTitle "EXT 2018"]
[Source "ChessBase"]
[SourceDate "2017.10.13"]
[SourceVersion "1"]
[SourceVersionDate "2017.10.13"]
[SourceQuality "1"]

1. d4 Nf6 2. c4 e5 3. dxe5 Ng4 4. Nf3 Bc5 5. e3 Nc6 6. Be2 Ngxe5 7. 0-0 d6 8. Nc3 a5 9. b3 0-0 10. Bb2 Bf5 11. Nd5 Re8 12. Rc1 Nxf3+ 13. Bxf3 Ne5 14. Bxe5 Rxe5 15. Re1 Ba3 16. Qd4 Bxc1 17. Rxc1 c6 18. Nf4 Qe7 19. Rd1 Rd8 20. Ne2 Be4 21. Bxe4 Rxe4 22. Qb6 Ra8 23. Ng3 Ra6 24. c5 Rxb6 25. cxd6 Qd7 26. Nxe4 c5 0-1

[Event "Bad Ems op"]
[Site "Bad Ems"]
[Date "2005.02.14"]
[Round "4"]
[White "Tepe, Josef"]
[Black "Zeh, Rolf"]
[Result "1-0"]
[WhiteElo "2098"]
[BlackElo "2124"]
[PlyCount "81"]
[EventDate "2005.02.12"]
[EventType "swiss"]
[EventRounds "9"]
[EventCountry "GER"]
[SourceTitle "EXT 2008"]
[Source "ChessBase"]
[SourceDate "2007.11.25"]
[SourceVersion "1"]
[SourceVersionDate "2007.11.25"]
[SourceQuality "1"]

1. d4 d5 2. Bg5 c5 3. e3 Nc6 4. Nf3 Qb6 5. b3 cxd4 6. exd4 h6 7. Be3 Bf5 8. Bd3 Bxd3 9. Qxd3 e6 10. 0-0 Nf6 11. c4 Qa6 12. Nc3 Rc8 13. Nb5 Qa5 14. a3 a6 15. Nc3 Qc7 16. c5 g5 17. b4 g4 18. Ne5 Nxe5 19. dxe5 Nd7 20. Bd4 Bg7 21. Rae1 Rd8 22. f4 gxf3 23. Qxf3 Rf8 24. Qh5 Nb8 25. b5 Qe7 26. h4 Kd7 27. Nxd5 exd5 28. Qg4+ Kc7 29. b6+ Kc6 30. Qxg7 Qxh4 31. Rd1 Qg5 32. Rf6+ Kd7 33. e6+ Ke8 34. Rxf7 Qxg7 35. Rxg7 Nc6 36. Rxb7 Rf4 37. Bf2 Re4 38. Re1 Rxe1+ 39. Bxe1 Nd4 40. e7 Rc8 41. Rc7 1-0

[Event "Karl Mala Memorial op 08th"]
[Site "Frankfurt"]
[Date "2004.07.24"]
[Round "5"]
[White "Kenk, Gerhard"]
[Black "Zeh, Rolf"]
[Result "0-1"]
[WhiteElo "1402"]
[BlackElo "1902"]
[PlyCount "60"]
[EventDate "2004.07.22"]
[EventType "swiss"]
[EventRounds "7"]
[EventCountry "GER"]
[SourceTitle "EXT 2005"]
[Source "ChessBase"]
[SourceDate "2004.11.15"]
[SourceVersion "1"]
[SourceVersionDate "2004.11.15"]
[SourceQuality "1"]

1. c4 Nf6 2. g3 e6 3. Bg2 d5 4. cxd5 exd5 5. e3 c6 6. Ne2 Bd6 7. b3 h5 8. h3 Bf5 9. Ba3 Bxa3 10. Nxa3 Nbd7 11. d3 Qa5+ 12. Qd2 Qxa3 13. 0-0 Nc5 14. e4 dxe4 15. Nd4 Bg6 16. Nc2 Qa6 17. Nb4 Qb6 18. Rfe1 0-0 19. Kh2 Nxd3 20. Nxd3 exd3 21. Re3 Rfe8 22. Rae1 Rxe3 23. Rxe3 Re8 24. Rxe8+ Nxe8 25. Bf1 Qd4 26. Bg2 Nf6 27. f3 Nd5 28. f4 Qe3 29. Qxe3 Nxe3 30. Bf3 d2 0-1

[Event "Karl Mala Memorial op 08th"]
[Site "Frankfurt"]
[Date "2004.07.24"]
[Round "4"]
[White "Zeh, Rolf"]
[Black "Deckelmann, Boris"]
[Result "1-0"]
[WhiteElo "1902"]
[BlackElo "1309"]
[PlyCount "45"]
[EventDate "2004.07.22"]
[EventType "swiss"]
[EventRounds "7"]
[EventCountry "GER"]
[SourceTitle "EXT 2005"]
[Source "ChessBase"]
[SourceDate "2004.11.15"]
[SourceVersion "1"]
[SourceVersionDate "2004.11.15"]
[SourceQuality "1"]

1. d4 d5 2. c4 e6 3. Nf3 Nd7 4. e3 Ngf6 5. Nc3 b6 6. cxd5 Nxd5 7. e4 Nxc3 8. bxc3 Nf6 9. e5 Nd5 10. Bd2 Qd7 11. Rb1 a6 12. Bd3 Bb7 13. 0-0 0-0-0 14. Qe2 Qa4 15. Rfc1 Kb8 16. c4 Nb4 17. Bxb4 Bxb4 18. Be4 Bxe4 19. Qxe4 Ba5 20. Rc2 Qd7 21. Rcb2 c5 22. dxc5 Qd1+ 23. Ne1 1-0

[Event "Karl Mala Memorial op 08th"]
[Site "Frankfurt"]
[Date "2004.07.23"]
[Round "3"]
[White "Ruiz Urbina, Juan Bosco"]
[Black "Zeh, Rolf"]
[Result "1-0"]
[WhiteElo "1934"]
[BlackElo "1902"]
[PlyCount "55"]
[EventDate "2004.07.22"]
[EventType "swiss"]
[EventRounds "7"]
[EventCountry "GER"]
[SourceTitle "EXT 2005"]
[Source "ChessBase"]
[SourceDate "2004.11.15"]
[SourceVersion "1"]
[SourceVersionDate "2004.11.15"]
[SourceQuality "1"]

1. e4 c5 2. Nf3 d6 3. d4 cxd4 4. Nxd4 Nf6 5. Nc3 a6 6. Bg5 e6 7. f4 Be7 8. Qf3 Qc7 9. 0-0-0 Nbd7 10. Kb1 Rb8 11. f5 e5 12. Nb3 b5 13. g4 b4 14. Bxf6 Nxf6 15. g5 bxc3 16. gxf6 Bxf6 17. Qxc3 Qxc3 18. bxc3 a5 19. a4 Ke7 20. Bb5 Bb7 21. Rhe1 Ra8 22. c4 Rhd8 23. c5 dxc5 24. Nxc5 Rxd1+ 25. Rxd1 Bc8 26. Nd7 Ra7 27. Nb6 Ba6 28. c4 1-0

[Event "Stuttgart-chA"]
[Site "Stuttgart"]
[Date "2004.??.??"]
[Round "?"]
[White "Zeh, Rolf"]
[Black "Schaefer, Alexander"]
[Result "1-0"]
[WhiteElo "2125"]
[BlackElo "1700"]
[PlyCount "57"]
[EventDate "2004.05.20"]
[EventType "swiss"]
[EventRounds "7"]
[EventCountry "GER"]
[SourceTitle "EXT 2007"]
[Source "ChessBase"]
[SourceDate "2006.11.23"]
[SourceVersion "1"]
[SourceVersionDate "2006.11.23"]
[SourceQuality "1"]

1. d4 Nf6 2. c4 e6 3. Nf3 b6 4. a3 Bb7 5. Nc3 d5 6. Bg5 Be7 7. e3 0-0 8. Rc1 Nbd7 9. Bd3 c5 10. cxd5 Nxd5 11. Bxe7 Qxe7 12. 0-0 f5 13. Qe2 a6 14. g3 Qf7 15. a4 Kh8 16. h4 Qg6 17. Kh2 cxd4 18. Nxd5 Bxd5 19. exd4 Qg4 20. Ne5 Qxe2 21. Bxe2 Nxe5 22. dxe5 Rfc8 23. Bxa6 Rxc1 24. Rxc1 Kg8 25. Rc8+ Rxc8 26. Bxc8 Kf7 27. Bd7 Kg6 28. Be8+ Kh6 29. b4 1-0